Top US Gateway Airports (international flights) - Statistics

General Stats
  • This quiz has been taken 3,655 times
  • The average score is 27 of 40
Answer Stats
Hint Answer % Correct
17,465,388 Los Angeles International Airport
97%
26,066,537 John F. Kennedy International Airport
96%
19,451,445 Miami International Airport
95%
6,425,296 Dallas/Fort Worth International Airport
93%
9,523,754 San Francisco International Airport
93%
3,346,370 Seattle-Tacoma International Airport
93%
8,713,756 George Bush Intercontinental Airport
92%
9,953,030 Hartsfield-Jackson Atlanta International Airport
92%
3,963,007 Gen. Edward Lawrence Logan International Airport (Boston)
90%
10,505,534 Chicago O'Hare International Airport
87%
11,154,621 Newark Liberty International Airport
86%
1,932,314 Denver International Airport
85%
3,682,348 Orlando International Airport
85%
2,214,669 Phoenix Sky Harbor International Airport
82%
3,311,800 Detroit Metropolitan Wayne County Airport
81%
3,896,560 Philadelphia International Airport
81%
3,066,690 Charlotte/Douglas International Airport
79%
450,332 Portland International Airport
78%
684,862 San Diego International Airport
78%
2,259,267 Minneapolis-St. Paul International Airport
76%
2,836,463 McCarran International Airport (Las Vegas)
75%
6,776,666 Washington Dulles International Airport
73%
498,620 Tampa International Airport
72%
1,617,159 LaGuardia Airport (New York)
71%
4,688,614 Honolulu International Airport
70%
668,910 Baltimore/Washington International Thurgood Marshall Airport
67%
334,409 Salt Lake City International Airport
64%
325,174 Norman Y. Mineta San Jose Internaitonal Airport
55%
198,904 Cleveland-Hopkins International Airport
53%
3,645,370 Fort Lauderdale-Hollywood International Airport
52%
309,973 Ronald Reagan Washington National Airport
51%
468,037 San Antonio International Airport
51%
531,794 Chicago Midway International Airport
48%
897,983 Luis Munoz Marin International Airport (San Juan, Puerto Rico)
34%
386,416 John Wayne Airport - Orange County (Santa Ana)
24%
2,721,300 Antonio B. Won Pat International Airport (Guam)
23%
309,019 Southwest Florida International Airport (Ft Myers, FL)
19%
327,647 Kahului Airport (Maui)
18%
247,468 Palm Springs International Airport
6%
728,504 Saipan International Airport (Pacific Territories)
6%
No matching quizzes found
Score Distribution
Percent of People with Each Score
Percentile by Number Answered
Your Score History
You have not taken this quiz